Normal view
MARC view
- Saucier, Christine
Entry Personal Name
001 - CONTROL NUMBER
- control field: 101366
003 - CONTROL NUMBER IDENTIFIER
- control field: NUST
005 - DATE AND TIME OF LATEST TRANSACTION
- control field: 20221025152937.0
008 - FIXED-LENGTH DATA ELEMENTS
- fixed length control field: 221025|| aca||aabn | a|a d
040 ## - CATALOGING SOURCE
- Original cataloging agency: NUST
- Transcribing agency: NUST
100 ## - HEADING--PERSONAL NAME
- Personal name: Saucier, Christine
670 ## - SOURCE DATA FOUND
- Source citation: Work cat.: (NUST)179844: Saucier, Christine, Web Animation and interactivity :, 2000
